<?xml version="1.0" encoding="UTF-8"?>
<record
    xmlns:xsi="http://www.w3.org/2001/XMLSchema-instance"
    xsi:schemaLocation="http://www.loc.gov/MARC21/slim http://www.loc.gov/standards/marcxml/schema/MARC21slim.xsd"
    xmlns="http://www.loc.gov/MARC21/slim">

  <leader>00597nam a2200193Ia 4500</leader>
  <controlfield tag="003">IN-BaIIA</controlfield>
  <controlfield tag="008">211028s9999    xx            000 0 eng d</controlfield>
  <datafield tag="020" ind1=" " ind2=" ">
    <subfield code="a">978-0-226-28229-9</subfield>
  </datafield>
  <datafield tag="040" ind1=" " ind2=" ">
    <subfield code="c">IIA Library</subfield>
  </datafield>
  <datafield tag="080" ind1=" " ind2=" ">
    <subfield code="a">524.3-54</subfield>
    <subfield code="b">PHY</subfield>
  </datafield>
  <datafield tag="245" ind1=" " ind2="0">
    <subfield code="a">Physical processes in circumstellar disks around young stars</subfield>
    <subfield code="c">edited by Paulo J. V. Garcia</subfield>
  </datafield>
  <datafield tag="260" ind1=" " ind2=" ">
    <subfield code="a">Chicago</subfield>
    <subfield code="b">University of Chicago Press</subfield>
    <subfield code="c">2011</subfield>
  </datafield>
  <datafield tag="300" ind1=" " ind2=" ">
    <subfield code="a">422p.</subfield>
  </datafield>
  <datafield tag="650" ind1=" " ind2=" ">
    <subfield code="a">Disks(Astrophysics)</subfield>
    <subfield code="9">34540</subfield>
  </datafield>
  <datafield tag="650" ind1=" " ind2=" ">
    <subfield code="a">Stars-Evolution</subfield>
    <subfield code="9">10853</subfield>
  </datafield>
  <datafield tag="650" ind1=" " ind2=" ">
    <subfield code="a">Stars-Formation</subfield>
    <subfield code="9">13142</subfield>
  </datafield>
  <datafield tag="700" ind1=" " ind2=" ">
    <subfield code="a">Garcia, Paulo J. V., ed.</subfield>
    <subfield code="9">34541</subfield>
  </datafield>
  <datafield tag="942" ind1=" " ind2=" ">
    <subfield code="c">BK</subfield>
  </datafield>
  <datafield tag="999" ind1=" " ind2=" ">
    <subfield code="c">18099</subfield>
    <subfield code="d">18099</subfield>
  </datafield>
  <datafield tag="952" ind1=" " ind2=" ">
    <subfield code="0">0</subfield>
    <subfield code="1">0</subfield>
    <subfield code="4">0</subfield>
    <subfield code="7">0</subfield>
    <subfield code="a">BAN</subfield>
    <subfield code="b">BAN</subfield>
    <subfield code="c">GEN</subfield>
    <subfield code="d">2011-08-02</subfield>
    <subfield code="e">EDS   </subfield>
    <subfield code="g">2435.00</subfield>
    <subfield code="l">0</subfield>
    <subfield code="o">524.3-54/ PHY</subfield>
    <subfield code="p">19021</subfield>
    <subfield code="r">2021-11-05</subfield>
    <subfield code="v">2435.00</subfield>
    <subfield code="w">2011-08-02</subfield>
    <subfield code="y">BK</subfield>
    <subfield code="G">Rs. 2435.00</subfield>
  </datafield>
</record>
